Surveillance nemocničných nákaz XVI. ročník vedeckej konferencie : zborník abstraktov

Bibliographic Details
Corporate Author: Surveillance nemocničných nákaz Tále, Slovensko
Format: Conference Proceeding Software eBook
Language:Slovak
PhysicalDescription:1 elektronický optický disk (CD-ROM) 12 cm
Published: Banská Bystrica Regionálny úrad verejného zdravotníctva 2014
ISBN:9788097109646 (elektronická kniha)
Subjects:

MARC

LEADER 00000nam a2200000 a 4500
001 vtls010647979
003 SK-MaSNL
005 20260302085420.0
007 co bg auuua
008 160430s2014 xo | fsa 100 0 slo
015 |a SNBS2015 
020 |a 9788097109646 (elektronická kniha) 
040 |a SNK  |b slo  |c SNK  |e AACR2 
041 0 |a slo 
044 |a xo  |c SK 
072 7 |a 616  |x Patológia. Klinická medicína  |2 konspekt 
080 |a 616-022.6/.7  |2 2001 
080 |a (048.3)  |2 2001 
080 |a (0.034.44)  |2 2001 
080 |a (062.534)  |2 2001 
111 2 |a Surveillance nemocničných nákaz  |n (16. :  |d 2014 :  |c Tále, Slovensko)  |9 259284 
245 1 0 |a Surveillance nemocničných nákaz  |h elektronický zdroj  |b XVI. ročník vedeckej konferencie : zborník abstraktov 
260 |a Banská Bystrica  |b Regionálny úrad verejného zdravotníctva  |c 2014 
300 |a 1 elektronický optický disk (CD-ROM)  |c 12 cm 
500 |a Názov z titulnej obrazovky 
516 |a Textový dokument (zborník), súbor vo formáte pdf 
538 |a Technické požiadavky: PDF prehliadač 
650 0 7 |a nozokomiálne infekcie  |2 SNKPH  |9 67659 
650 0 7 |a Nosocomial infections  |2 SNKPHeng  |9 343125 
655 7 |a elektronické zdroje  |2 SNKPH  |9 90954 
655 7 |a CD-ROM  |2 SNKPH  |9 70236 
655 7 |a zborníky konferencií  |2 SNKPH  |9 70153 
655 7 |a abstrakty  |2 SNKPH  |9 22516 
655 7 |a Proceedings of conferences  |2 SNKPHeng  |9 265791 
655 7 |a Electronic resources  |2 SNKPHeng  |9 175546 
655 7 |a Abstracts  |2 SNKPHeng  |9 275616 
919 |a 978-80-971096-4-6 
958 |a MI 
999 |c 1192021  |d 1193951 
952 |a SNK  |b SNK  |y PREZ  |7 0  |p 17A1134916  |o snkSCDM 7033  |i snk2015/1588  |8 0  |0 0  |1 0  |4 0  |d 2015-01-20  |l 0  |r 2026-02-24 22:15:06  |w 2026-02-24